000 00545nam a22001817a 4500
003 koha_MIRAKIL
005 20241223111013.0
008 241223b tur||||| |||| 00| 0 tur d
020 _a975714911X
040 _aTR-IsEVY
_btur
_cTR-IsEVY
082 _aR912
_bÇİR/K
100 1 _aÇiringel, Yalçın
245 0 _aKonuşan Türkiye Atlası /
_cYalçın Çiringel.
260 _aİstanbul :
_bBeyaz Adam,
_c2014.
300 _a104 s. :
_brenkli resimli ;
_c30 cm.
650 _aBaşvuru Kaynakları.
_vAtlaslar.
_vCoğrafya.
942 _2ddc
_cBK
999 _c21243
_d21243